| 000 | 01829namaa2200409uu 4500 | ||
|---|---|---|---|
| 001 | doab134703 | ||
| 003 | oapen | ||
| 005 | 20260218110445.0 | ||
| 006 | m o d | ||
| 007 | cr|mn|---annan | ||
| 008 | 240224s2024 xx |||||o ||| 0|eng d | ||
| 020 | _a9783111100234 | ||
| 020 | _a9783111101729 | ||
| 020 | _a9783111101729 | ||
| 020 | _a9783111103204 | ||
| 024 | 7 |
_a10.1515/9783111101729 _2doi |
|
| 040 |
_aoapen _coapen _d |
||
| 041 | 0 | _aeng | |
| 042 | _adc | ||
| 720 | 1 |
_aPeñuelas Gil, Isabel _4edt |
|
| 245 | 0 | 0 | _aInterpreting and Translation for Agri-food Professionals in the Global Marketplace |
| 260 |
_aBerlin/Boston _bDe Gruyter _c2024 |
||
| 300 | _a1 online resource (286 p.) | ||
| 336 |
_atext _btxt _2rdacontent |
||
| 337 |
_acomputer _bc _2rdamedia |
||
| 338 |
_aonline resource _bcr _2rdacarrier |
||
| 506 | 0 |
_fUnrestricted online access _2star |
|
| 520 | _aIn the context of an increasingly internationalized agri-food sector, this volume explores existing and new tools developed to help professionals with writing, interpreting and translating. Centered on the English-Spanish language pair, the contributions address a variety of terminology issues, the importance of intercultural understanding, the use of corpora, as well as the possibilities offered by automatic translation. | ||
| 540 |
_aCreative Commons _fby-nc-nd/4.0 _2cc _uhttp://creativecommons.org/licenses/by-nc-nd/4.0 |
||
| 546 | _aEnglish | ||
| 720 | 1 |
_aOrtego Antón, María-Teresa _4edt |
|
| 720 | 1 |
_aOrtego Antón, María-Teresa _4oth |
|
| 720 | 1 |
_aPeñuelas Gil, Isabel _4oth |
|
| 793 | 0 | _aDOAB Library. | |
| 856 |
_uhttps://docs.google.com/spreadsheets/d/1yKIrdCPDAG_9c22mwoOIO2DOhtj65Wqa/edit?usp=sharing&ouid=106555315294820607512&rtpof=true&sd=true _yList of Curated E-Books |
||
| 942 | _cE-BOOK | ||
| 999 |
_c81297 _d81296 |
||